Úprava výkonu rodičovských práv a povinností k maloletým deťom a súvisiace otázky aplikačnej praxe

Bibliographic Details
Main Author: Zmeková, Ivana (Author)
Format: Book
Language:Slovak
PhysicalDescription:310 strán tabuľky 21 cm
Published: V Bratislave PRP Consulting, s.r.o. 2022
ISBN:9788097420109
Subjects:

MARC

LEADER 00000cam a2200000 4500
001 vtls012140059
003 SK-MaSNL
005 20260426013642.0
008 220620s2022 xo a frlnf 000 0 slo
015 |a SNBA2022/11 
020 |a 9788097420109  |q (viazané) 
040 |a SNK  |b slo  |e rda  |c SNK 
041 0 |a slo 
043 |a e-xo--- 
044 |a xo  |c SK 
072 7 |a 347  |x Súkromné právo  |2 konspekt 
080 |a 347.61/.64  |2 2011 
080 |a 342.7  |2 2011 
080 |a 349.3-053.2  |2 2011 
080 |a 347.951  |2 2011 
080 |a 001.891  |2 2011 
080 |a (437.6)  |2 2011 
080 |a (048.8)  |2 2011 
100 1 |a Zmeková, Ivana  |4 aut  |9 419374 
245 1 0 |a Úprava výkonu rodičovských práv a povinností k maloletým deťom a súvisiace otázky aplikačnej praxe  |c Ivana Zmeková 
264 1 |a V Bratislave  |b PRP Consulting, s.r.o.  |c 2022 
300 |a 310 strán  |b tabuľky  |c 21 cm 
336 |a text  |b txt  |2 rdacontent 
337 |a bez média  |b n  |2 rdamedia 
338 |a zväzok  |b nc  |2 rdacarrier 
504 |a Obsahuje bibliografiu a bibliografické odkazy 
650 0 7 |a rodinné právo  |2 SNKPH  |9 2246 
650 0 7 |a rodičovské práva a povinnosti  |2 SNKPH  |9 722520 
650 0 7 |a práva detí  |2 SNKPH  |9 2258 
650 0 7 |a sociálnoprávna ochrana detí  |2 SNKPH  |9 88186 
650 0 7 |a súdne rozhodnutia a stanoviská  |2 SNKPH  |9 4638 
650 0 7 |a vedecký výskum  |2 SNKPH  |9 4237 
650 0 7 |a Family law  |2 SNKPHeng  |9 312991 
650 0 7 |a Children´s rights  |2 SNKPHeng  |9 265692 
650 0 7 |a Social-law children protection  |2 SNKPHeng  |9 275562 
650 0 7 |a Judgments  |2 SNKPHeng  |9 274954 
650 0 7 |a Scientific research  |2 SNKPHeng  |9 266482 
651 7 |a Slovensko  |2 SNKPHgeo  |9 14231 
651 7 |a Slovakia  |2 SNKPHeng  |9 92630 
655 7 |a monografie  |2 SNKPH  |9 70139 
655 7 |a Monographs  |2 SNKPHeng  |9 120675 
752 |a Slovensko  |d Bratislava 
852 |a Štátna vedecká knižnica v Banskej Bystrici 
919 |a 978-80-974201-0-9 
954 |a odborná, vedecká literatúra pôvodná (slovenská)  |2 lita 
958 |a NB 
958 |a SP 
999 |c 1129428  |d 1131358 
952 |a SNK  |b SNK  |y PREZ  |7 0  |p 17A1309134  |o snkSC 198391  |i snk2022/11589  |8 0  |0 0  |1 0  |4 0  |d 2022-07-22  |f 1  |l 0  |r 2025-10-21 00:00:00  |w 2026-02-24